000 00473nam a2200169Ia 4500
003 GCL
008 140319s9999 xx 000 0 eng d
040 _aGCL /
_cGCL
082 0 4 _a 624
_bS E
100 1 _aFACULTY OF ENGINEERING
245 1 0 _aENGINEERING SURVEYING /
_cFACULTY OF ENGINEERING
260 _a[S.N] :
_bDAR EL- RABAB- AL- JAMIAH
650 0 4 _aالتحليل الرياضى
650 0 4 _aPHOTOGRAMMETRY
650 0 4 _aENGINEERING SURVEYING
942 _2ddc
_cBK
999 _c16975
_d16975